| 000 | 01021cam a2200325 4500 | ||
|---|---|---|---|
| 001 | 2228673 | ||
| 003 | NUST - PNEC | ||
| 005 | 20170116181126.0 | ||
| 008 | 710520s1970 ru ac 000 0aeng | ||
| 010 | _a 75562141 | ||
| 015 | _aUSSR*** | ||
| 020 | _a8170621666 | ||
| 040 |
_aDLC _cLIBRARY _dDLC |
||
| 041 | 1 | _aengrus | |
| 043 | _aee----- | ||
| 050 | 0 | 0 |
_aD764 _b.R6313 |
| 082 | 0 | 0 | _a940.5421 ROK |
| 100 | 1 |
_aRokossovskiĭ, Konstantin Konstantinovich, _d1896-1968. |
|
| 240 | 1 | 0 |
_aSoldatskiĭ dolg. _lEnglish |
| 245 | 1 | 2 |
_aA soldier's duty _c K. Rokossovsky. |
| 260 |
_aMoscow, _bProgress Publishers _cc.1992 |
||
| 300 |
_a340 p. _billus., ports. _c21 cm. |
||
| 350 | _a1.64rub | ||
| 500 | _aTranslation of Soldatskiĭ dolg. | ||
| 600 | 1 | 0 |
_aRokossovskiĭ, Konstantin Konstantinovich, _d1896-1968. |
| 650 | 0 |
_aWorld War, 1939-1945 _xHistory _zEastern Front. |
|
| 650 | 0 |
_aWorld War, 1939-1945 _xPersonal narratives, Russian. |
|
| 906 |
_a7 _bcbc _corignew _d4 _encip _f19 _gy-gencatlg |
||
| 942 |
_2ddc _cBK |
||
| 999 |
_c69742 _d69742 |
||